[Event "HCL-B3792"]
[Site "www.playchess.de"]
[Date "2006.01.02"]
[Round "2"]
[White "torbalan"]
[Black "Phenomium"]
[WhiteElo "1247"]
[BlackElo "1112"]
[PlyCount "41"]
[Result "1-0"]

1.e4 e6 2.Nf3 d5 3.e5 Nc6 4.d4 Bb4+ 5.c3 Ba5 6.Be2 
f5 7.Bg5 Qd7 8.O-O b5 9.Bxb5 Bb7 10.Nbd2 Nge7 
11.Qe2 O-O-O 12.Ba6 Nb8 13.Bxb7+ Kxb7 14.c4 Bb6 
15.b4 Ng6 16.Bxd8 Qxd8 17.c5 Ba5 18.bxa5 Nf4 
19.Qb5+ Ka8 20.Rab1 c6 21.Qb7+ 1-0

[Event "HCL-C3982"]
[Site "www.playchess.de"]
[Date "2006.01.02"]
[Round "5"]
[White "daveboy6968"]
[Black "CallDutte"]
[WhiteElo "991"]
[BlackElo "1200"]
[PlyCount "99"]
[Result "1-0"]

1.e4 {hello and good luck :-)}  e5 {Thanks, my 
friend!!!}  2.Bc4 {:-) how cold is it in russia at 
the moment?}  Nf6 {Yes...}  3.d3 {:-)}  Be7 {??}  
4.f3 O-O 5.Ne2 a6 6.Nbc3 h6 7.Nd5 Nxd5 8.Bxd5 c6 
9.Bb3 a5 10.a4 Bc5 11.c3 d6 12.d4 exd4 13.cxd4 
Bb4+ 14.Nc3 Bxc3+ 15.bxc3 Qh4+ 16.g3 Qh3 17.Qe2 
Be6 18.Be3 Bxb3 19.Ra3 Be6 20.g4 Qh4+ 21.Bf2 Qf6 
22.h3 Qe7 23.c4 d5 24.c5 dxe4 25.Qxe4 Nd7 26.Bg3 
Rfe8 27.O-O Nf6 28.Qd3 Nd5 29.Bd6 Qg5 30.f4 Qd8 
31.f5 Bc8 32.Raa1 Re3 33.Qd2 Rxh3 34.Rae1 Rg3+ 
35.Bxg3 f6 36.Bf4 Nxf4 37.Rxf4 Bd7 38.Re3 Qc7 
39.Rfe4 Qc8 40.Qe2 Kh7 41.Qh2 Qf8 42.Qh5 Kg8 
43.R4e7 Rd8 44.R3e4 Kh8 45.Qg6 Qg8 46.Kh2 Qf8 
47.Rxd7 Rxd7 48.Re8 Qxe8 49.Qxe8+ Kh7 
50.Qxd7 1-0

[Event "HCL-A2529"]
[Site "www.playchess.de"]
[Date "2006.01.02"]
[Round "17"]
[White "Matu"]
[Black "pawnstorm"]
[WhiteElo "1499"]
[BlackElo "1529"]
[PlyCount "96"]
[Result "0-1"]

1.Nf3 d5 2.b3 Nf6 3.Bb2 c6 4.g3 Bg4 5.Bg2 Qc8 
6.O-O Bh3 7.e3 Bxg2 8.Kxg2 e6 9.d4 Bd6 10.Nbd2 
Nbd7 11.c4 O-O 12.Rc1 Re8 13.a3 a6 14.b4 e5 
15.dxe5 Nxe5 16.Nxe5 Bxe5 17.Bxe5 Rxe5 18.Nf3 Re4 
19.Qb3 dxc4 20.Rxc4 Rxc4 21.Qxc4 Qd7 22.Qd4 Rd8 
23.Rd1 Kf8 24.Qxd7 Rxd7 25.Rxd7 Nxd7 26.Nd4 g6 
27.Kf3 Ke7 28.Ke4 Kd6 29.f4 f5+ 30.Kd3 Kd5 31.Ne2 
Nf6 32.h3 Ne4 33.Nc3+ Nxc3 34.Kxc3 Ke4 35.a4 Kxe3 
36.a5 Kf3 37.Kc4 Kxg3 38.Kc5 Kxf4 39.Kb6 Ke5 
40.Kxb7 f4 41.Kxa6 f3 42.Kb7 f2 43.a6 f1Q 44.a7 
Qb5+ 45.Kc7 Qa6 46.Kb8 Qb6+ 47.Ka8 Qxb4 48.h4 
Qxh4 0-1

[Event "ACL-A652"]
[Site "www.playchess.de"]
[Date "2006.01.02"]
[Round "5"]
[White "kaajmmk"]
[Black "PrinceKheldar"]
[WhiteElo "1500"]
[BlackElo "1846"]
[PlyCount "28"]
[Result "0-1"]

1.e3 d5 2.c3 Nf6 3.Qa4+ Bd7 4.Qd4 Nc6 5.Qf4 e5 
6.Qf3 Bd6 7.Bb5 e4 8.Qd1 Ne5 9.d4 Bxb5 10.Na3 Nd3+ 
11.Kd2 Bxa3 12.bxa3 Nxf2 13.Qe1 Nxh1 14.Kd1 
Qd6 0-1

[Event "HCL-C4050"]
[Site "www.playchess.de"]
[Date "2006.01.02"]
[Round "10"]
[White "dreptenainte"]
[Black "kolmar"]
[WhiteElo "800"]
[BlackElo "1501"]
[PlyCount "21"]
[Result "1-0"]

1.d4 d5 2.Nf3 h6 3.c4 dxc4 4.e4 b5 5.a4 c6 6.axb5 
cxb5 7.b3 Bb7 8.Nc3 cxb3 9.Bxb5+ Bc6 10.Qxb3 Nf6 
11.Ne5 1-0

[Event "HCL-E1480"]
[Site "www.playchess.de"]
[Date "2006.01.02"]
[Round "14"]
[White "Andy1"]
[Black "Wernswig"]
[WhiteElo "1474"]
[BlackElo "1419"]
[PlyCount "101"]
[Result "1-0"]

1.e4 e5 {hallo, ein schönes spiel wünsche ich dir} 
 2.Nf3 Nf6 3.Nxe5 {Viel Spass}  Qe7 4.Nf3 Nxe4 
5.Qe2 Nf6 6.Nc3 Nc6 7.d4 d5 8.Be3 Be6 9.Qd2 O-O-O 
10.Bb5 Bd7 11.O-O Qb4 12.a3 Qd6 13.Ng5 Be6 14.Bf4 
Qd7 15.b4 a6 16.Ba4 b5 17.Bb3 h6 18.Nf3 Bd6 19.Ne5 
Bxe5 20.Bxe5 Rhg8 21.a4 Nxb4 22.axb5 axb5 23.Ra5 
Nc6 24.Nxb5 Nxa5 25.Qxa5 Qe7 26.Ba4 c6 27.Nd6+ 
Rxd6 28.Qa6+ Qb7 29.Qxb7+ Kxb7 30.Bxd6 Bd7 31.Rb1+ 
Ka6 32.f3 Ra8 33.Bc5 Re8 34.Rb6+ Ka5 35.Bxc6 Re2 
36.Rb5+ Ka6 37.Bxd7 Nxd7 38.Rb2 Nxc5 39.dxc5 Re6 
40.Kf2 Rc6 41.Ke3 Rxc5 42.Kd4 Rc6 43.Kxd5 Re6 
44.c4 Rg6 45.c5 Rg5+ 46.Kd6 Rg6+ 47.Kd7 Re6 48.c6 
Re1 49.Rc2 Rd1+ 50.Ke7 Kb6 51.c7 1-0

[Event "HCL-B3779"]
[Site "www.playchess.de"]
[Date "2006.01.02"]
[Round "3"]
[White "superyetkin"]
[Black "eisbaer17"]
[WhiteElo "1286"]
[BlackElo "1200"]
[PlyCount "55"]
[Result "1-0"]

1.g3 d5 2.Bg2 e5 3.Nc3 d4 4.Nb1 Bg4 5.Nf3 Nc6 6.a3 
Nf6 7.h3 Bxf3 8.Bxf3 Be7 9.Bxc6+ bxc6 10.e3 c5 
11.Qf3 O-O 12.O-O e4 13.Qg2 Re8 14.exd4 cxd4 15.d3 
Bd6 16.Bg5 e3 17.fxe3 dxe3 18.Bxf6 gxf6 19.Qf3 Bc5 
20.Re1 Qd4 21.Nc3 Rab8 22.Ne4 e2+ 23.Kg2 Rxb2 
24.Nxf6+ Kf8 25.Nxe8 Kxe8 26.Rxe2+ Be7 27.Qe4 
Qxe4+ 28.dxe4 1-0

[Event "HCL-B3789"]
[Site "www.playchess.de"]
[Date "2006.01.02"]
[Round "5"]
[White "bob19"]
[Black "gridguy"]
[WhiteElo "1420"]
[BlackElo "1200"]
[PlyCount "66"]
[Result "0-1"]

1.e4 c5 {Hi... good luck}  2.Nf3 Nc6 3.d4 cxd4 
4.Nxd4 Nf6 5.Nc3 d6 6.Bb5 Bd7 7.Be3 g6 8.Qd2 Bg7 
9.h3 O-O 10.O-O-O Qc7 11.f3 a6 12.Ba4 b5 13.Bb3 b4 
14.Nce2 a5 15.Bh6 Nxd4 16.Nxd4 a4 17.Bd5 Nxd5 
18.Bxg7 b3 19.a3 Kxg7 20.c3 Nb6 21.Kb1 e5 22.Ne2 
Nc4 23.Qg5 f6 24.Qg3 Qc5 25.f4 Nxa3+ 26.bxa3 Qxa3 
27.Rd2 Rfb8 28.Rb2 Qc5 29.Nc1 Qc4 30.Qd3 Qxd3+ 
31.Nxd3 a3 32.Rd2 b2 33.Ka2 Be6+ 0-1

[Event "HCL-B3793"]
[Site "www.playchess.de"]
[Date "2006.01.02"]
[Round "7"]
[White "dynamike"]
[Black "nichju"]
[WhiteElo "1479"]
[BlackElo "981"]
[PlyCount "25"]
[Result "1-0"]

1.e4 {Hallo, auf ein Neues}  e5 2.Nf3 Nc6 3.Bc4 
Nf6 4.Nc3 Bc5 5.O-O O-O 6.a3 d6 7.h3 Nh5 8.d3 Nd4 
9.Nxd4 Bxd4 10.Qxh5 g6 11.Qh6 Be6 12.Bg5 Qe8 
13.Bf6 1-0

[Event "HCL-E1510"]
[Site "www.playchess.de"]
[Date "2006.01.02"]
[Round "8"]
[White "Roberto_Sammi"]
[Black "Walter"]
[WhiteElo "2000"]
[BlackElo "1901"]
[PlyCount "45"]
[Result "1-0"]

1.c4 e5 {Hi..Let the games begin...}  2.Nc3 {Hi 
Walter! Have a good game! Good look!}  Bb4 3.Nd5 
Ba5 4.b4 c6 5.bxa5 cxd5 6.cxd5 Nf6 7.Qa4 O-O 8.e4 
d6 9.Ba3 Na6 10.Bxa6 bxa6 11.Rb1 Bd7 12.Qb4 Rb8 
13.Qxb8 Qxb8 14.Rxb8 Rxb8 15.d3 Rb1+ 16.Ke2 Ne8 
17.h3 f5 18.g3 fxe4 19.dxe4 Bb5+ 20.Kd2 Nf6 21.f3 
Nh5 22.Bxd6 Nxg3 23.Kc2 1-0

[Event "HCL-C4013"]
[Site "www.playchess.de"]
[Date "2006.01.02"]
[Round "21"]
[White "Walter2"]
[Black "nico21"]
[WhiteElo "800"]
[BlackElo "1200"]
[PlyCount "68"]
[Result "0-1"]

1.e4 e5 2.d4 exd4 3.Qxd4 Nc6 4.Qd5 Nf6 5.Qc4 d5 
6.exd5 Nxd5 7.Nc3 Nxc3 8.bxc3 Qf6 9.Bb2 Be6 10.Qe4 
Bc5 11.O-O-O O-O 12.c4 Qxf2 13.Nh3 Qe3+ 14.Qxe3 
Bxe3+ 15.Kb1 Rfd8 16.Rd3 Bh6 17.Bc1 Bxc1 18.Kxc1 
Ne5 19.Rxd8+ Rxd8 20.Ng5 Bxc4 21.a4 Bxf1 22.Rxf1 
h6 23.Ne4 Rd4 24.Re1 Rxa4 25.Nc5 Ra1+ 26.Kd2 Rxe1 
27.Kxe1 b5 28.c3 {(offering draw) Ich will endlich 
2 gültige PArtien haben. Deshalb biete ich 
Remis.
Walter}  f5 29.Ke2 Kf7 30.Na6 c6 31.Ke3 g5 32.Kf2 
Ke7 33.Nb8 a5 34.Na6 Kd6 0-1

[Event "HCL-C4053"]
[Site "www.playchess.de"]
[Date "2006.01.02"]
[Round "6"]
[White "SARADHI"]
[Black "novice1"]
[WhiteElo "800"]
[BlackElo "800"]
[PlyCount "46"]
[Result "0-1"]

1.d4 d5 2.e3 Nf6 3.c4 Nc6 4.cxd5 Qxd5 5.Nc3 Qf5 
6.Bd3 Qg5 7.g3 Nb4 8.Nf3 Qh5 9.Be2 Qh3 10.Nh4 g5 
11.Bf1 Qe6 12.Nf3 b6 13.Qa4+ Nc6 14.Bc4 Qd7 
15.Nxg5 e6 16.d5 exd5 17.Bxd5 Nxd5 18.Qe4+ Nde7 
19.b3 Bb7 20.Qf4 Nd8 21.Qf6 Ng6 22.Nce4 Bb4+ 
23.Ke2 Be7 0-1

[Event "HCL-A2507"]
[Site "www.playchess.de"]
[Date "2006.01.02"]
[Round "3"]
[White "Reinbo"]
[Black "evets"]
[WhiteElo "1904"]
[BlackElo "1480"]
[PlyCount "107"]
[Result "1-0"]

1.e4 {Have a nice game.}  e6 {Thank You.  Good 
luck to you as well!}  2.d4 d5 3.exd5 exd5 4.Nf3 
Bg4 5.Be2 Bd6 6.O-O Nf6 7.Bg5 Nbd7 8.Re1 O-O 
9.Nbd2 Re8 10.c3 c6 11.Qc2 Re7 12.Bd3 Qc7 13.Rxe7 
Bxe7 14.Re1 Re8 15.Ne5 Bd6 16.f4 h6 17.Bh4 Nh5 
18.Nxg4 Rxe1+ 19.Bxe1 Bxf4 20.Nf3 Nhf6 21.Nxf6+ 
Nxf6 22.h3 Be3+ 23.Bf2 Qf4 24.Qe2 Bxf2+ 25.Kxf2 
Ne4+ 26.Kg1 f5 27.c4 Qc1+ 28.Ne1 Kf7 29.cxd5 cxd5 
30.Bxe4 fxe4 31.Qh5+ Kf6 32.Qe5+ Kg6 33.Qg3+ Kh7 
34.Qc3 Qf4 35.Nc2 Qc1+ 36.Kh2 Qf4+ 37.Qg3 Qd2 
38.Qc7 Qf2 39.Qc3 Qf4+ 40.Kg1 Qc1+ 41.Kf2 Qf4+ 
42.Ke2 Qh2 43.Ne3 Qd6 44.Qa5 a6 45.Qxd5 Qe7 46.Qe5 
Qb4 47.Qxe4+ Kh8 48.b3 Qb5+ 49.Kf2 Qa5 50.Qc2 Qd8 
51.d5 Qf6+ 52.Ke2 Qe5 53.Qc8+ Kh7 
54.Qf5+ 1-0

[Event "HCL-A2542"]
[Site "www.playchess.de"]
[Date "2006.01.02"]
[Round "7"]
[White "HOTSUN"]
[Black "ippuli"]
[WhiteElo "1603"]
[BlackElo "1637"]
[PlyCount "57"]
[Result "1/2-1/2"]

1.e4 {ill try to play better this time.}  e5 {Me, 
too! :)}  2.Nf3 f5 3.exf5 d6 4.d3 Bxf5 5.Be2 Nf6 
6.Nc3 Nc6 7.Bg5 h6 8.Bxf6 Qxf6 9.Qd2 O-O-O 10.Ne4 
Bxe4 11.dxe4 g5 12.O-O-O g4 13.Ng1 h5 14.Kb1 Bh6 
15.Qe1 Nd4 16.Bd3 Rhf8 17.c3 Ne6 18.f3 gxf3 
19.Nxf3 Ng5 20.Nxg5 Qxg5 21.g3 Rf6 22.Qe2 Rdf8 
23.Rhf1 h4 24.gxh4 Qxh4 25.Qg2 Bf4 26.h3 Rh6 
27.Qg4+ Kd8 28.Qxh4+ Rxh4 29.Rf3 {(offering draw)} 
 1/2-1/2

[Event "HCL-C4040"]
[Site "www.playchess.de"]
[Date "2006.01.02"]
[Round "3"]
[White "nico21"]
[Black "Saladin"]
[WhiteElo "1317"]
[BlackElo "1451"]
[PlyCount "65"]
[Result "1-0"]

1.e4 g6 2.d4 d5 3.e5 e6 4.Nf3 a6 5.Be3 Ne7 6.c4 b6 
7.Nc3 Bg7 8.Bd3 Nbc6 9.O-O Nf5 10.Bg5 f6 11.Bxf5 
exf5 12.cxd5 fxg5 13.dxc6 g4 14.Ne1 Bf8 15.Nc2 f4 
16.g3 fxg3 17.fxg3 h5 18.e6 Bxe6 19.Re1 Qf6 20.d5 
Bc5+ 21.Kh1 O-O-O 22.Rxe6 Qxe6 23.dxe6 Rxd1+ 
24.Rxd1 Bd6 25.Nd5 Re8 26.Re1 g5 27.e7 h4 28.gxh4 
gxh4 29.Nd4 g3 30.Nf5 gxh2 31.Nxd6+ cxd6 32.Nf6 
Rh8 33.e8Q+ 1-0

[Event "HCL-A2541"]
[Site "www.playchess.de"]
[Date "2006.01.02"]
[Round "6"]
[White "ippuli"]
[Black "freno"]
[WhiteElo "1637"]
[BlackElo "1542"]
[PlyCount "86"]
[Result "0-1"]

1.e4 {Hello again.... Good luck}  e5 {Hello again 
from Paris}  2.d4 {Do you have winter in there, 
yet?}  exd4 {Not yet, and you ?}  3.c3 {We have 
quite normal winter at the moment, about -10 
degrees and some snow.....}  dxc3 4.Bc4 Qf6 {Brrr, 
you live in the north of Finland ?}  5.Nxc3 {No, 
quite middle. In Oulu, if you have a map...}  Bb4 
{I Have :-) do you ski a lot ?}  6.Nge2 {Last time 
I did ski was in the army in 1985!!}  Ne7 {:-) a 
long time...}  7.O-O {Yes, but it is not so 
interesting....}  Bxc3 8.Nxc3 a6 9.Nd5 Nxd5 
10.Bxd5 O-O 11.Qb3 Nc6 12.f4 Nd4 13.Qd3 Nc6 14.e5 
Qe7 15.Be4 h6 16.g4 d6 17.g5 hxg5 18.fxg5 Nxe5 
19.Qg3 g6 20.Bf4 Kg7 21.Rae1 Rb8 22.Qc3 Kg8 23.h4 
Re8 24.h5 gxh5 25.Bxe5 dxe5 26.Qg3 Bg4 27.Rf6 Qc5+ 
28.Kg2 Re6 29.Rh6 Rxh6 30.gxh6 Qd4 31.Bd3 f6 
32.Re4 {(offering draw)}  Qxb2+ {let's play a 
little more}  33.Be2 {Ok... ;-))}  Kh7 34.Kh1 Qc1+ 
35.Kh2 Qxh6 36.Bd3 Kh8 37.Qf2 Rd8 38.Qf1 Qd2+ 
39.Be2 f5 40.Rxg4 hxg4 {we have snow in paris...}  
41.Qg2 {That's nice...}  e4 42.Kh1 Qe1+ 43.Bf1 
Rd1 0-1

[Event "HCL-C4007"]
[Site "www.playchess.de"]
[Date "2006.01.02"]
[Round "6"]
[White "cla114"]
[Black "jsteveg"]
[WhiteElo "871"]
[BlackElo "714"]
[PlyCount "28"]
[Result "0-1"]

1.e4 Nf6 2.Nc3 e5 3.Bc4 Bb4 4.a3 Ba5 5.b4 Bb6 
6.Nf3 d6 7.Ng5 Ng4 8.Nxf7 Qe7 9.Nxh8 Nxf2 10.Qh5+ 
g6 11.Bf7+ Kd8 12.O-O Qf6 13.Qxh7 Bh3 14.gxh3 
Qg5+ 0-1

[Event "HCL-B3758"]
[Site "www.playchess.de"]
[Date "2006.01.02"]
[Round "3"]
[White "Sporang"]
[Black "nichju"]
[WhiteElo "1065"]
[BlackElo "884"]
[PlyCount "71"]
[Result "1-0"]

1.e4 e5 2.Nf3 Nc6 3.Bc4 Nf6 4.d3 Bc5 5.Be3 d6 6.h3 
O-O 7.Nc3 Be6 8.Nd5 Bb4+ 9.c3 Ba5 10.b4 Bb6 11.a4 
Nh5 12.a5 Bxe3 13.fxe3 Ng3 14.Rg1 b6 15.axb6 cxb6 
16.Kd2 a5 17.b5 Ne7 18.Qe1 f5 19.Qxg3 Ng6 20.exf5 
Bxf5 21.e4 Be6 22.Rgf1 Nf4 23.Nxf4 exf4 24.Bxe6+ 
Kh8 25.Qg4 Qf6 26.Qf5 Qh6 27.Qg4 Rac8 28.Bxc8 d5 
29.Bf5 d4 30.Nxd4 f3+ 31.Kc2 g6 32.Be6 f2 33.Qg3 
g5 34.Rxf2 Rxf2+ 35.Qxf2 g4 36.Bxg4 1-0

[Event "HCL-B3771"]
[Site "www.playchess.de"]
[Date "2006.01.02"]
[Round "9"]
[White "nichju"]
[Black "newplayer"]
[WhiteElo "1017"]
[BlackElo "1113"]
[PlyCount "118"]
[Result "0-1"]

1.e4 {Greetings from Germany}  d5 {danke  die 
besten wuensche aus sued africa}  2.exd5 Qxd5 
3.Nc3 Qe5+ 4.Be2 Bd7 5.Nf3 Qa5 6.d4 e6 7.Bd2 Qb6 
8.Ne5 Qxd4 9.Nf3 Qb6 10.O-O Bc6 11.Bf4 Qxb2 12.Qd2 
Bb4 13.Rab1 Qxc3 14.Rfd1 Qxd2 15.Nxd2 Bd6 16.Bxd6 
cxd6 17.Nc4 d5 18.Nd6+ Ke7 19.Nc8+ Kd7 20.Nb6+ 
axb6 21.Rxb6 Rxa2 22.Bb5 Nf6 23.Bxc6+ Nxc6 
24.Rxb7+ Kd6 25.c4 d4 26.Rb5 Rb8 27.c5+ Kd5 
28.Rxb8 Nxb8 29.Rc1 Ne4 30.f3 Nxc5 31.Rb1 Nbd7 
32.Rf1 d3 33.Rd1 Ne5 34.f4 Ng4 35.h3 Ne3 36.Re1 
Rxg2+ 37.Kh1 Re2 38.Rg1 d2 39.Rg5+ Kd6 40.Rxg7 
d1Q+ 41.Rg1 Qxg1+ 42.Kxg1 Kd5 43.f5 Nxf5 44.h4 
Nxh4 45.Kf1 Ra2 {frohes & gesundes 2006}  46.Kg1 
{ebenso ein frohes & gesundes 2006 und vielleicht 
schaffe ich es im neuen Jahr, Dich zu bezwingen 
;-)}  Nf3+ {bestimmt denn fast alle gewinnen gegen 
mich}  47.Kf1 {Frohes neues Jahr}  Nd4 {:-)}  
48.Kg1 f5 49.Kf1 h5 50.Kg1 e5 51.Kf1 h4 52.Kg1 h3 
53.Kh1 f4 54.Kg1 f3 55.Kh1 e4 56.Kg1 e3 57.Kf1 Rg2 
58.Ke1 h2 {ich verabschiede mich mal seh dich im 
naechsten tournament}  59.Kf1 h1Q+ 0-1

[Event "HCL-C4040"]
[Site "www.playchess.de"]
[Date "2006.01.02"]
[Round "9"]
[White "RUDI"]
[Black "Saladin"]
[WhiteElo "1274"]
[BlackElo "1451"]
[PlyCount "63"]
[Result "1-0"]

1.e4 {hi!}  e5 {Grüezi, viel Glück}  2.d4 {was 
heißt hier grüezi, bist Du aus der Schweiz?}  exd4 
{Ja, aber ursprünglich aus komme ich aus 
Montenegro.}  3.Qxd4 {na prima, dann kannst Du 
deutsch und serbisch, richtig?}  Nc6 {Natürlich, 
ausserdem noch engl., ital. und franz..Aus welcher 
Ecke stammst du?}  4.Qd1 {Neuried bei München}  g6 
{Ok, also mein letzter Zug für heute.}  5.Be3 Bg7 
6.c3 Nf6 7.Bd3 b6 8.Nf3 Ng4 9.O-O Nce5 10.Nxe5 
Bxe5 11.h3 Nxe3 12.fxe3 Qg5 13.Qe2 Bb7 14.Nd2 
O-O-O 15.Rxf7 Qg3 16.Nf3 Rdf8 17.Nxe5 Qxe5 18.Raf1 
Rxf7 19.Rxf7 Qe6 20.Qf1 d5 21.Rf8+ Rxf8 22.Qxf8+ 
Kd7 23.Qg7+ Kd6 24.Qf8+ Kc6 25.exd5+ Qxd5 26.Qe8+ 
Qd7 27.Be4+ Kd6 28.Qxd7+ Kxd7 29.Bxb7 c6 30.Kf2 
Kd6 31.Kf3 g5 32.Ke4 1-0

[Event "HCL-M832"]
[Site "www.playchess.de"]
[Date "2006.01.02"]
[Round "1"]
[White "DANTONIFAYARD"]
[Black "temple"]
[WhiteElo "1718"]
[BlackElo "1766"]
[PlyCount "142"]
[Result "1/2-1/2"]

1.d4 d5 2.c4 e6 3.Nc3 Nf6 4.e3 Be7 5.c5 O-O 6.b4 
b6 7.Ba3 a5 8.b5 Nbd7 9.Na4 Ne4 10.Qc1 Re8 11.Nf3 
Rb8 12.c6 Nf8 13.Ne5 Ng6 14.Nxg6 hxg6 15.Bd3 f5 
16.O-O Bxa3 17.Qxa3 Qd6 18.Qb2 Kf7 19.f3 Nf6 
20.Nc3 Rh8 21.g3 e5 22.f4 e4 23.Be2 Be6 24.a4 Rh3 
25.Rf2 Rbh8 26.Bf1 R3h5 27.h3 g5 28.Qa3 Qxa3 
29.Rxa3 gxf4 30.Rxf4 g6 31.Bg2 g5 32.Rf1 Ke7 
33.Ra2 R5h6 34.Raf2 Nh5 35.Ne2 Ng7 36.Re1 Bf7 
37.Bf1 Bh5 38.Nc3 Bf3 39.Nxd5+ Kd6 40.Nc3 Nh5 
41.Kh2 f4 42.exf4 gxf4 43.gxf4 Nxf4 44.Nxe4+ Bxe4 
45.Rxf4 Bc2 46.Rf7 R8h7 47.Ree7 Rxf7 48.Rxf7 Rh7 
49.Rf2 Bxa4 50.Bc4 Bd1 51.Rf6+ Ke7 52.Re6+ Kf8 
53.Kg3 Re7 54.Rf6+ Kg7 55.Rf1 Bc2 56.Rc1 Bf5 57.h4 
Re4 58.d5 Rg4+ 59.Kf3 Rxh4 60.d6 cxd6 61.c7 Rh8 
62.Bd5 Bc8 63.Rc6 Kf6 64.Rxd6+ Ke7 65.Rxb6 Kd7 
66.Rc6 Bb7 67.c8Q+ {QUEEN}  Rxc8 68.Be6+ Kd8 
69.Ke3 Rxc6 70.bxc6 Bxc6 71.Kd4 a4 {(offering 
draw)}  1/2-1/2

[Event "HCL-A2509"]
[Site "www.playchess.de"]
[Date "2006.01.02"]
[Round "3"]
[White "evets"]
[Black "asskicker"]
[WhiteElo "1480"]
[BlackElo "1578"]
[PlyCount "70"]
[Result "0-1"]

1.d4 Nf6 2.Nf3 g6 3.b3 Bg7 4.Bb2 O-O 5.e3 d5 6.c4 
c6 7.Nc3 Bg4 8.Be2 Nbd7 9.O-O Re8 10.Re1 dxc4 
11.bxc4 Qb6 12.Rb1 c5 13.Ba1 Qc7 14.d5 b6 15.Nb5 
Qd8 16.d6 a6 17.Nc7 exd6 18.Nxa8 Qxa8 19.Qxd6 Bf5 
20.Bxf6 Bxf6 21.Rxb6 Re6 22.Rxa6 Qd8 23.Ra8 Rxd6 
24.Rxd8+ Bxd8 25.a4 Bf6 26.h3 Ra6 27.Nd2 Rxa4 
28.e4 Be6 29.Rd1 Kg7 30.f4 Bd4+ 31.Kh2 Nb6 32.Nb3 
Be3 33.g3 Ra2 34.Re1 Bxc4 35.Nc1 
Bxc1 0-1

[Event "HCL-B3814"]
[Site "www.playchess.de"]
[Date "2006.01.02"]
[Round "10"]
[White "haidi"]
[Black "Skipper_Robert"]
[WhiteElo "1006"]
[BlackElo "812"]
[PlyCount "28"]
[Result "0-1"]

1.e4 e5 2.Nf3 Nc6 3.Bd3 d6 4.Nc3 Be6 5.b3 Nf6 
6.Bb5 Bd7 7.Bxc6 Bxc6 8.O-O Nxe4 9.d4 Nxc3 10.Qd2 
Nd5 11.Qd3 Nf4 12.Qd2 Bxf3 13.gxf3 Qg5+ 14.Kh1 
Qg2+ 0-1

[Event "HCL-A2527"]
[Site "www.playchess.de"]
[Date "2006.01.02"]
[Round "24"]
[White "Matu"]
[Black "GCP"]
[WhiteElo "1535"]
[BlackElo "1491"]
[PlyCount "47"]
[Result "1-0"]

1.Nf3 d6 {hi :), let's have a nice play}  2.b3 {hi 
and good luck}  Bg4 3.Bb2 Bxf3 4.exf3 e5 5.g3 f5 
6.Bg2 c6 7.O-O Nf6 8.Re1 Nbd7 9.d4 Qe7 10.dxe5 
dxe5 11.f4 e4 12.f3 O-O-O 13.Qe2 Qc5+ 14.Kh1 Re8 
15.Qd2 e3 16.Qd4 Qxc2 17.Na3 Bxa3 18.Bxa3 Qd2 
19.Qxa7 Nd5 20.Bd6 N5b6 21.Rad1 Qc3 22.Rdc1 Qf6 
23.Rxc6+ Kd8 {really good}  24.Bc7+ 1-0

[Event "HCL-B3814"]
[Site "www.playchess.de"]
[Date "2006.01.02"]
[Round "9"]
[White "Skipper_Robert"]
[Black "gridguy"]
[WhiteElo "812"]
[BlackElo "1684"]
[PlyCount "46"]
[Result "0-1"]

1.e4 c5 {Hello from Seattle ... good luck!}  2.d4 
{Hallo from Berlin}  cxd4 3.Qxd4 Nc6 4.Qe3 Nf6 
5.Nc3 e5 6.Nf3 Bb4 7.Bc4 d5 8.exd5 Nxd5 9.Nxe5 
{Happy new year}  Nxe3 {Thanks... you too!}  
10.Nxc6 Nxc2+ 11.Ke2 bxc6 12.Rd1 Qe7+ 13.Kd2 Nxa1 
14.b3 Bxc3+ 15.Kxc3 Qe5+ 16.Kd2 O-O 17.Re1 Rd8+ 
18.Bd3 Rxd3+ 19.Kxd3 Qxe1 20.Bb2 Bf5+ 21.Kd4 Rd8+ 
22.Kc5 Qa5+ 23.Kxc6 Be4+ 0-1

[Event "HCL-B3787"]
[Site "www.playchess.de"]
[Date "2006.01.02"]
[Round "10"]
[White "Hornblower"]
[Black "RUDI"]
[WhiteElo "1358"]
[BlackElo "1244"]
[PlyCount "94"]
[Result "0-1"]

1.d4 d5 {hi!}  2.Nc3 Bf5 3.e3 e6 4.Nf3 Bb4 5.Bd2 
c6 6.Bd3 Bxd3 7.cxd3 Nf6 8.e4 dxe4 9.Nxe4 Nxe4 
10.dxe4 Bxd2+ 11.Qxd2 O-O 12.O-O b6 13.e5 f6 
14.Qc3 a5 15.exf6 Rxf6 16.Ne5 b5 17.f3 Qd5 18.Rad1 
Ra6 19.Qc5 Qxc5 20.dxc5 Ra7 21.Rd8+ Rf8 22.Rxf8+ 
Kxf8 23.Rd1 Rc7 24.Rd8+ Ke7 25.Rxb8 g6 26.g4 a4 
27.a3 Kf6 28.f4 h5 {I messed it all up a while 
ago}  29.Rf8+ Kg7 30.Rd8 {I'm not exactly playing 
like Kasparov!}  hxg4 {that`s right - but I fucked 
it up. you should win now}  31.Rd7+ Rxd7 32.Nxd7 
Kf7 33.Ne5+ Kf6 34.Nxc6 Kf7 35.Ne5+ Ke7 36.Nxg6+ 
Kd7 37.Ne5+ Kc7 38.Nxg4 Kc6 39.b4 axb3 40.Ne5+ 
Kxc5 41.Nd3+ Kc4 42.Nb2+ Kc3 43.Nd1+ Kc2 44.Ne3+ 
Kd3 45.Kf2 b2 46.Ng2 b1Q 47.Ne1+ 
Ke4 0-1

[Event "HCL-C3912"]
[Site "www.playchess.de"]
[Date "2006.01.02"]
[Round "6"]
[White "Halcon"]
[Black "IRONMAIDEN"]
[WhiteElo "1040"]
[BlackElo "800"]
[PlyCount "66"]
[Result "0-1"]

1.e4 e5 2.Nf3 Nc6 3.Nc3 d6 4.d4 Bg4 5.Be2 Bxf3 
6.Bxf3 Nxd4 7.Be3 Nxf3+ 8.Qxf3 Qf6 9.O-O-O Qxf3 
10.gxf3 O-O-O 11.f4 exf4 12.Bxf4 g6 13.h4 Bg7 
14.Nd5 b6 15.a4 Nh6 16.f3 Rde8 17.Rhe1 f5 18.exf5 
Nxf5 19.b4 Nxh4 20.Ref1 Rhf8 21.Rd4 Bxd4 22.c3 Bg7 
23.c4 Nf5 24.c5 dxc5 25.bxc5 bxc5 26.Nxc7 Re2 
27.Nd5 Rd8 28.Nc3 Bxc3 29.Rd1 Rxd1+ 30.Kxd1 Rf2 
31.Bg5 Rxf3 32.Ke2 Nd4+ 33.Kd1 Rf1+ {nice 
check-mate at the end, see you!} 
 0-1

[Event "HCL-A2530"]
[Site "www.playchess.de"]
[Date "2006.01.02"]
[Round "7"]
[White "Khalif"]
[Black "juancabeta"]
[WhiteElo "1345"]
[BlackElo "1700"]
[PlyCount "51"]
[Result "1-0"]

1.d4 d5 2.c4 dxc4 3.e4 e5 4.Nf3 Bg4 5.Bxc4 exd4 
6.Bxf7+ Kxf7 7.Ne5+ Ke8 8.Qxg4 Bb4+ 9.Bd2 Bxd2+ 
10.Nxd2 Nf6 11.Qe2 Nc6 12.Nxc6 bxc6 13.Qc4 Qd6 
14.Rc1 Rb8 15.b3 c5 16.Qxc5 Qxc5 17.Rxc5 Rb7 
18.O-O Kf7 19.Rfc1 Rc8 20.f3 Nd7 21.Rf5+ Kg8 
22.Nc4 Rd8 23.Rd5 c5 24.Ne5 a5 25.Rcxc5 Nxc5 
26.Rxd8+ 1-0

[Event "HCL-C3917"]
[Site "www.playchess.de"]
[Date "2006.01.02"]
[Round "27"]
[White "epenz"]
[Black "Milosforman"]
[WhiteElo "846"]
[BlackElo "1003"]
[PlyCount "76"]
[Result "0-1"]

1.e4 c5 2.Nf3 d6 3.d3 e6 4.Be2 Be7 5.O-O h6 6.Be3 
Nc6 7.c4 Nf6 8.Nc3 a6 9.a3 O-O 10.Rb1 Ng4 11.Qd2 
Nxe3 12.Qxe3 Ne5 13.Nxe5 dxe5 14.b4 cxb4 15.axb4 
a5 16.bxa5 Ra6 17.Rb2 Qxa5 18.Rb3 Bd7 19.Rc1 Bb4 
20.h3 Ba4 21.Rxb4 Qxb4 22.Nxa4 Rxa4 23.d4 Qb2 
24.d5 exd5 25.exd5 f5 26.d6 f4 27.Qd3 Qxc1+ 28.Bf1 
Rd8 29.Qd5+ Kh7 30.c5 Ra5 31.Qxe5 Ra1 32.Qe4+ Kh8 
33.Kh2 Qxf1 34.Qxf4 Qh1+ 35.Kg3 Ra3+ 36.f3 Qe1+ 
37.Kg4 Rda8 38.Kf5 Rf8+ 0-1

[Event "HCL-B3628"]
[Site "www.playchess.de"]
[Date "2006.01.02"]
[Round "11"]
[White "archship"]
[Black "Grunert"]
[WhiteElo "1210"]
[BlackElo "1115"]
[PlyCount "115"]
[Result "1-0"]

1.e4 e5 2.Nf3 d6 3.d4 exd4 4.Nxd4 Bd7 5.Bc4 a6 
6.O-O b5 7.Bb3 a5 8.Qf3 f6 9.Bxg8 Rxg8 10.Be3 b4 
11.Qh5+ g6 12.Qxh7 Rg7 13.Qh8 Nc6 14.Nxc6 Bxc6 
15.f3 Qe7 16.Bh6 Rh7 17.Bxf8 Rxh8 18.Bxe7 Kxe7 
19.Nd2 Rhd8 20.Rad1 Bb5 21.b3 Bxf1 22.Kxf1 c5 
23.Nc4 a4 24.Nb6 Rab8 25.Nxa4 Kf7 26.c3 bxc3 
27.Nxc3 Rdh8 28.h3 Rb7 29.Rxd6 Rbb8 30.Rc6 Rhd8 
31.Nd5 Rba8 32.a4 Rdb8 33.Rxf6+ Kg7 34.Rc6 Rxb3 
35.Kf2 Rxa4 36.Rxc5 Kh6 37.Kg3 Ra2 38.Rc8 Rbb2 
39.Nf4 g5 40.Rc6+ Kg7 41.Nh5+ Kg8 42.Rg6+ Kh7 
43.Rxg5 Rbxg2+ 44.Kf4 Rxg5 45.Kxg5 Rg2+ 46.Kf4 Kh6 
47.Nf6 Kg6 48.Ng4 Kh5 49.e5 Rh2 50.e6 Kg6 51.Ke5 
Re2+ 52.Kd6 Kg7 53.Ne5 Kf6 54.Ng4+ Kf5 55.Nh6+ Kg6 
56.Ng4 Rd2+ 57.Ke7 Rd3 58.Ne5+ 1-0

[Event "HCL-B3723"]
[Site "www.playchess.de"]
[Date "2006.01.02"]
[Round "10"]
[White "Grunert"]
[Black "gonz_human"]
[WhiteElo "939"]
[BlackElo "1342"]
[PlyCount "25"]
[Result "1-0"]

1.d4 d5 2.e3 Bf5 3.a3 e6 4.Nf3 c5 5.dxc5 Bxc5 
6.Be2 Nf6 7.O-O Nc6 8.Nc3 O-O 9.h3 Qc7 10.g4 Bg6 
11.Kg2 Bd6 12.Bd2 Nd7 13.b4 1-0

[Event "HCL-E1522"]
[Site "www.playchess.de"]
[Date "2006.01.02"]
[Round "5"]
[White "Matu"]
[Black "BohdanL"]
[WhiteElo "1530"]
[BlackElo "1499"]
[PlyCount "38"]
[Result "0-1"]

1.e4 g6 {hi}  2.f4 {hi}  Bg7 3.c3 d6 4.d4 c5 5.Be3 
cxd4 6.Bxd4 Nf6 7.Nd2 O-O 8.Bd3 Nc6 9.Be3 a6 10.h3 
b5 11.Ngf3 Bb7 12.O-O e5 13.Bc2 exf4 14.Bxf4 Re8 
15.Re1 Ne7 16.Nb3 Nh5 17.Bxd6 Nc8 18.Bh2 Qb6+ 
19.Qd4 Bxd4+ {?}  0-1